000
00197 a2200097 4500
001
3115
100
_a
Combs LFE
245
_a
Working with zia
260
_a
_b
Oxford press
_c
090
_c
2397
_d
2397
942
_a
NUST-CAE
_c
M
_c
15524
999
_c
238188
_d
238188